000 00705nam a2200253Ia 4500
003 OSt
005 20220918191736.0
006 a|||||r|||| 00| 0
007 ta
008 220917b |||||||| |||| 00| 0 eng d
024 _a64,909
037 _cTextual
040 _aARTS
_cARTS
_beng
041 _2eng
_aeng
082 _aQ4a.N76<-N62, L6
100 _aSatya Prakash ed
_942864
245 0 _aBuddhism
_b a select bibliography
260 _aCurgoon
_bIndian Documentation Service
_c1976
300 _a172p.
_ccm.
490 _aSubject bibliography series; 1
650 _aRELIGION
942 _hQ4a.N76<-N62, L6
_cTEXL
_2CC
999 _c191252
_d191252